[Event "Elit(Limhamn-Burgsvik)"]
[Site "?"]
[Date "2012.10.07"]
[Round "3"]
[White "Lindgren, Philip"]
[Black "Scheid, Adam"]
[Result "1-0"]
[WhiteElo "2344"]
[BlackElo "2047"]
[PlyCount "91"]
[EventDate "2012.??.??"]

1. d4 d5 2. c4 c6 3. Nf3 Nf6 4. Nc3 e6 5. Bg5 Be7 6. e3 O-O 7. Qc2 Nbd7 8. Bd3
dxc4 9. Bxc4 b5 10. Bd3 Bb7 11. O-O a6 12. Bxf6 Nxf6 13. Ne4 Nxe4 14. Bxe4 f5
15. Bd3 Rc8 16. Qb3 Kh8 17. Ne5 Rf6 18. a4 c5 19. axb5 cxd4 20. bxa6 Bd5 21.
Bc4 dxe3 22. Bxd5 exd5 23. fxe3 Bc5 24. a7 Ra8 25. Qb7 Bxe3+ 26. Kh1 Qe8 27.
Rfe1 f4 28. Qxd5 Rf8 29. Nc4 Qe7 30. Nxe3 fxe3 31. Qd4 e2 32. h3 h6 33. b4 Rfd8
34. Qc5 Qe4 35. b5 Rd3 36. Kg1 Rb3 37. b6 Qb7 38. Rab1 Rxb1 39. Rxb1 Rd8 40.
Re1 Rd1 41. Kf2 Qe4 42. Qf8+ Kh7 43. a8=Q Qd4+ 44. Kg3 Qc3+ 45. Kh2 Qxe1 46.
Qe4+ 1-0

[Event "Elit(Limhamn-Burgsvik)"]
[Site "?"]
[Date "2012.10.07"]
[Round "3"]
[White "Larsson, Victor"]
[Black "Johansson, Linus"]
[Result "1-0"]
[WhiteElo "2165"]
[BlackElo "2357"]
[PlyCount "79"]
[EventDate "2012.??.??"]

1. d4 Nf6 2. c4 e6 3. Nc3 Bb4 4. e3 O-O 5. Bd3 d5 6. Nf3 c5 7. O-O Nc6 8. h3
Re8 9. cxd5 exd5 10. dxc5 Bxc5 11. Bc2 Be6 12. a3 a5 13. Qd3 Qd7 14. Rd1 Rad8
15. b3 Qe7 16. Qb5 Ba7 17. Ne2 Ne4 18. Bb2 Bc8 19. Ned4 Ne5 20. Bxe4 dxe4 21.
Nxe5 Qxe5 22. Qxe5 Rxe5 23. Nc6 Rxd1+ 24. Rxd1 Re8 25. Nxa7 Be6 26. b4 axb4 27.
axb4 h5 28. Nb5 Rc8 29. Rc1 Rd8 30. Bd4 Kh7 31. Rc7 Ra8 32. Nd6 Kg6 33. Nxb7
Ra2 34. Nd6 Bd5 35. b5 Re2 36. b6 Re1+ 37. Kh2 Rb1 38. b7 h4 39. Ba7 Bxb7 40.
Rxb7 1-0

[Event "Elit(Limhamn-Burgsvik)"]
[Site "?"]
[Date "2012.10.07"]
[Round "3"]
[White "Penalver, Osmani"]
[Black "Akerman, Axel"]
[Result "1/2-1/2"]
[WhiteElo "2326"]
[BlackElo "2134"]
[PlyCount "110"]
[EventDate "2012.??.??"]

1. d4 d5 2. c4 c6 3. Nf3 Nf6 4. Nc3 a6 5. e3 b5 6. c5 Bg4 7. Qb3 Nbd7 8. a4 e5
9. Qa3 e4 10. Nd2 Nb6 11. Qa2 b4 12. Ncb1 Nc4 13. Nxc4 dxc4 14. Bxc4 Nd5 15.
Bxd5 cxd5 16. a5 Rb8 17. Bd2 Rb5 18. Qa4 Bd7 19. Qb3 Qg5 20. Kf1 Qh5 21. Qc2
Bc6 22. Be1 Rb7 23. Nd2 Be7 24. Kg1 Bd8 25. f3 f5 26. Qd1 Qg6 27. Qe2 Bb5 28.
Qf2 O-O 29. Qg3 Qe6 30. f4 Bd3 31. Qf2 Bc7 32. g3 Rb5 33. Nb3 Bc4 34. Nc1 Rxa5
35. Rxa5 Bxa5 36. b3 Bb5 37. Qa2 Bc7 38. Bxb4 Qh6 39. Kg2 Qh5 40. Qf2 Rb8 41.
Bd2 a5 42. Na2 Bd3 43. Nc1 Bc2 44. Qe2 Qxe2+ 45. Nxe2 Bxb3 46. Rb1 a4 47. Nc1
Bc4 48. Rxb8+ Bxb8 49. Bb4 Kf7 50. Kf2 Ke8 51. Ke1 Kd7 52. Kd2 Kc6 53. Ba5 g6
54. Kc3 Kb5 55. Bb6 Bd6 1/2-1/2

[Event "Elit(LASK-Eksjo)"]
[Site "?"]
[Date "2012.10.07"]
[Round "3"]
[White "Bejtovic, Jasmin"]
[Black "Grandelius, Nils"]
[Result "1-0"]
[WhiteElo "2457"]
[BlackElo "2662"]
[PlyCount "77"]
[EventDate "2012.??.??"]

1. Nf3 c5 2. g3 g6 3. Bg2 Bg7 4. c4 Nc6 5. Nc3 e6 6. O-O Nge7 7. e3 Nf5 8. Ne4
d6 9. d4 cxd4 10. Nxd4 Ncxd4 11. exd4 O-O 12. Bg5 Qb6 13. c5 dxc5 14. dxc5 Qxb2
15. Rb1 Qxa2 16. g4 Nh6 17. Be7 Re8 18. Nf6+ Bxf6 19. Bxf6 e5 20. h3 Qe6 21.
Bg5 Kg7 22. Bd5 Qd7 23. Qf3 Re6 24. Bxb7 Bxb7 25. Rxb7 Qc6 26. Bxh6+ Kxh6 27.
Qxf7 Rf6 28. Qxh7+ Kg5 29. Rb3 Raf8 30. Rg3 Rf3 31. h4+ Kf4 32. Qh6+ Ke4 33.
Re1+ Kd5 34. Rd1+ Ke4 35. Rxf3 Rxf3 36. Rd6 Qe8 37. Qd2 Qf7 38. Qb4+ Qc4 39.
Qxc4# 1-0

[Event "Elit(LASK-Eksjo)"]
[Site "?"]
[Date "2012.10.07"]
[Round "3"]
[White "Hillarp Persson, Tiger"]
[Black "Cicak, Slavko"]
[Result "0-1"]
[WhiteElo "2545"]
[BlackElo "2590"]
[PlyCount "75"]
[EventDate "2012.??.??"]

1. d4 Nf6 2. Nf3 d6 3. g3 c5 4. Bg2 cxd4 5. Nxd4 Qc7 6. O-O a6 7. c4 Qxc4 8.
Bg5 Nbd7 9. Nc3 e6 10. Rc1 Qb4 11. Qd2 Qb6 12. Na4 Qd8 13. Rxc8 Qxc8 14. Rc1
Qb8 15. Bxf6 gxf6 16. Qe3 Be7 17. Qh6 d5 18. Qg7 Rf8 19. Qxh7 f5 20. Qh5 Qd6
21. Nc3 Rc8 22. Rd1 Nf6 23. Qf3 Qb6 24. Nxf5 Qxb2 25. Ng7+ Kd8 26. Rd3 Qc1+ 27.
Bf1 Qg5 28. Nxd5 exd5 29. Nf5 Rc5 30. Nxe7 Kxe7 31. h4 Qe5 32. Re3 Ne4 33. Qg4
Rc1 34. Kg2 f5 35. Qh5 Qd4 36. Qg5+ Kd7 37. Rxe4 fxe4 38. e3 0-1

[Event "Elit(LASK-Eksjo)"]
[Site "?"]
[Date "2012.10.07"]
[Round "3"]
[White "De Verdier, Michael"]
[Black "Tikkanen, Hans"]
[Result "0-1"]
[WhiteElo "2429"]
[BlackElo "2638"]
[PlyCount "58"]
[EventDate "2012.??.??"]

1. Nf3 d5 2. d4 c6 3. e3 Nf6 4. Bd3 Bg4 5. h3 Bh5 6. b3 Nbd7 7. Bb2 Qa5+ 8.
Nbd2 Ne4 9. O-O f5 10. c4 e6 11. a3 Bd6 12. Qc2 Qd8 13. cxd5 cxd5 14. Rac1 O-O
15. Ne5 Qe7 16. b4 a5 17. bxa5 Rxa5 18. Nb3 Raa8 19. Nxd7 Qxd7 20. Nc5 Qe7 21.
f4 Rfc8 22. Bxe4 fxe4 23. Qb3 Be2 24. Rfe1 Bc4 25. Qb6 Rxc5 26. dxc5 Bxc5 27.
Bf6 gxf6 28. Qb2 Bxa3 29. Qa1 Ra6 0-1

[Event "Elit(LASK-Eksjo)"]
[Site "?"]
[Date "2012.10.07"]
[Round "3"]
[White "Smith, Axel"]
[Black "Gdanski, Jacek"]
[Result "0-1"]
[WhiteElo "2540"]
[BlackElo "2587"]
[PlyCount "80"]
[EventDate "2012.??.??"]

1. d4 e6 2. c4 d5 3. Nf3 c6 4. Nc3 dxc4 5. a4 Nf6 6. e4 Bb4 7. e5 Nd5 8. Bd2 b5
9. Ng5 Nxc3 10. bxc3 Be7 11. Qh5 Bxg5 12. Bxg5 Qa5 13. Bd2 Nd7 14. Qd1 Qc7 15.
Qg4 g6 16. Be2 f5 17. exf6 Nxf6 18. Qh4 O-O 19. O-O Nd5 20. Rfe1 Bd7 21. Qh6
Rf7 22. Bg4 Raf8 23. f3 b4 24. cxb4 c3 25. Be3 Nxb4 26. Rec1 Nd5 27. h4 e5 28.
Bxd7 Rxd7 29. dxe5 Qxe5 30. Bc5 Ne7 31. Qe3 Qxe3+ 32. Bxe3 Nd5 33. Bc5 Rf4 34.
h5 Rc4 35. Bf2 c2 36. Be1 Nf4 37. hxg6 Ne2+ 38. Kf2 Nxc1 39. gxh7+ Kxh7 40.
Rxc1 Rd1 0-1

[Event "Elit(LASK-Eksjo)"]
[Site "?"]
[Date "2012.10.07"]
[Round "3"]
[White "Malesevic, Nedeljko"]
[Black "Semcesen, Daniel"]
[Result "0-1"]
[WhiteElo "2358"]
[BlackElo "2520"]
[PlyCount "70"]
[EventDate "2012.??.??"]

1. d4 f5 2. c4 Nf6 3. Nc3 d6 4. Nf3 g6 5. g3 Bg7 6. Bg2 O-O 7. O-O Nc6 8. d5
Na5 9. Nd2 c5 10. Qc2 e5 11. a3 b6 12. e4 f4 13. Ne2 g5 14. b4 Nb7 15. gxf4
exf4 16. Bb2 Qe8 17. Rfe1 Qg6 18. Rac1 Nd7 19. Bxg7 Qxg7 20. Qc3 Ne5 21. f3 Nd8
22. Kf2 Qh6 23. Rh1 Qh4+ 24. Kf1 Ndf7 25. Rb1 Bd7 26. bxc5 bxc5 27. Nc1 Rab8
28. Rb3 Rxb3 29. Qxb3 g4 30. Ke2 Ng5 31. Nd3 gxf3+ 32. Bxf3 Ngxf3 33. Nxf3 Nxf3
34. Kxf3 Bg4+ 35. Kg2 Qh3+ 0-1

[Event "Elit(LASK-Eksjo)"]
[Site "?"]
[Date "2012.10.07"]
[Round "3"]
[White "Hall, Jesper"]
[Black "Vernersson, Per"]
[Result "1-0"]
[WhiteElo "2545"]
[BlackElo "2432"]
[PlyCount "119"]
[EventDate "2012.??.??"]

1. e4 c6 2. Nc3 d5 3. Nf3 dxe4 4. Nxe4 Nd7 5. Bc4 Ngf6 6. Neg5 Nd5 7. d4 h6 8.
Ne4 Qc7 9. Bd2 e6 10. O-O Be7 11. Re1 O-O 12. Bd3 Rd8 13. c4 Nf4 14. Bc2 Ng6
15. Qe2 b6 16. Rad1 Bb7 17. Ng3 Ndf8 18. Nh5 c5 19. Bc3 cxd4 20. Rxd4 Rxd4 21.
Nxd4 Nf4 22. Nxf4 Qxf4 23. Nf5 Qg5 24. Be4 Bxe4 25. Qxe4 Rd8 26. h4 Qxf5 27.
Qxf5 exf5 28. Rxe7 Nd7 29. Kf1 a5 30. Bd4 Kf8 31. Re3 Rc8 32. b3 a4 33. Ke1
axb3 34. axb3 Rc6 35. Rd3 f6 36. h5 Kf7 37. Be3 Ke6 38. Kd2 Nc5 39. Bxc5 Rxc5
40. f4 b5 41. cxb5 Rxb5 42. Kc3 Rc5+ 43. Kb2 Rb5 44. Rd4 Rb7 45. b4 Ke7 46. Kb3
Ke6 47. Ka4 Ra7+ 48. Kb5 Ra2 49. Kc5 Rxg2 50. b5 g5 51. hxg6 Rxg6 52. b6 Rg8
53. b7 Kf7 54. Rd3 h5 55. Kc6 h4 56. Rb3 Kg6 57. b8=Q Rxb8 58. Rxb8 Kh5 59. Rg8
h3 60. Kd6 1-0

[Event "Elit(LASK-Eksjo)"]
[Site "?"]
[Date "2012.10.07"]
[Round "3"]
[White "Hagen, Andreas Skytte"]
[Black "Krantz, Christopher"]
[Result "1-0"]
[WhiteElo "2471"]
[BlackElo "2351"]
[PlyCount "99"]
[EventDate "2012.??.??"]

1. d4 d5 2. c4 c6 3. Nf3 Nf6 4. Nc3 a6 5. e3 b5 6. b3 Bg4 7. Be2 e6 8. h3 Bh5
9. g4 Bg6 10. Ne5 Ne4 11. Nxe4 Bxe4 12. f3 Bb4+ 13. Bd2 Bxd2+ 14. Qxd2 Bg6 15.
h4 f6 16. h5 Bf7 17. Nxf7 Kxf7 18. Bd3 Qd6 19. Kf2 Nd7 20. Qc2 h6 21. Bg6+ Ke7
22. c5 Qc7 23. Rae1 Rhd8 24. e4 Qf4 25. Qc3 Nf8 26. exd5 Rxd5 27. Be4 Rg5 28.
Qe3 Qc7 29. Bf5 Kf7 30. f4 Rxf5 31. gxf5 exf5 32. Re2 Rd8 33. Rhe1 Kg8 34. Kg3
Qf7 35. Qf3 Rxd4 36. Re7 Qd5 37. Qxd5+ Rxd5 38. Re8 Rd3+ 39. Kg2 Rd2+ 40. Kg1
Rd7 41. Rc8 Kf7 42. Rxc6 g5 43. Rxa6 Rc7 44. b4 gxf4 45. c6 Ne6 46. Rb6 Nd8 47.
Rc1 Ke6 48. Rxb5 f3 49. Kf2 Nf7 50. Rb7 1-0

[Event "Elit(Rockaden,Umea-Vasteras)"]
[Site "?"]
[Date "2012.10.07"]
[Round "3"]
[White "Eriksson, Anders"]
[Black "Eriksson, Jorgen"]
[Result "1/2-1/2"]
[WhiteElo "2331"]
[BlackElo "2258"]
[PlyCount "107"]
[EventDate "2012.??.??"]

1. Nf3 e6 2. g3 b6 3. Bg2 Bb7 4. O-O Nf6 5. c4 c5 6. Nc3 Be7 7. Re1 d6 8. e4
Nbd7 9. d4 cxd4 10. Nxd4 O-O 11. Be3 Qc7 12. Rc1 Rac8 13. b3 Qb8 14. f4 Nc5 15.
Bf2 Qa8 16. Qe2 Rfe8 17. b4 Ncd7 18. a3 Bf8 19. Nb3 g6 20. g4 a5 21. bxa5 bxa5
22. Nb5 a4 23. Nd2 Nc5 24. Bf3 Bc6 25. Bxc5 dxc5 26. g5 Nd7 27. e5 Bxf3 28.
Nxf3 Red8 29. Nd2 Nb8 30. Ne4 Nc6 31. Red1 Rxd1+ 32. Rxd1 Rd8 33. Rxd8 Qxd8 34.
Kf2 Be7 35. Qd2 Nd4 36. Qd3 Kg7 37. Ke3 Nf5+ 38. Kd2 Nd4 39. h3 h5 40. Nec3 Qa8
41. Qe4 Qd8 42. Nxd4 cxd4 43. Nb5 Qa5+ 44. Ke2 Bc5 45. Qc6 Bxa3 46. Nxa3 Qc3
47. Qf3 Qb2+ 48. Kd1 h4 49. Nc2 Qb1+ 50. Kd2 Qg1 51. Kd3 Qb1 52. Kd2 Qg1 53.
Kd3 Qb1 54. Kd2 1/2-1/2

[Event "Elit(Rockaden,Umea-Vasteras)"]
[Site "?"]
[Date "2012.10.07"]
[Round "3"]
[White "Forsberg, Viktor"]
[Black "Akesson, Ralf"]
[Result "1/2-1/2"]
[WhiteElo "2314"]
[BlackElo "2479"]
[PlyCount "76"]
[EventDate "2012.??.??"]

1. e4 c6 2. d4 d5 3. Nd2 dxe4 4. Nxe4 Nd7 5. Ng5 Ngf6 6. Bd3 e6 7. N1f3 Bd6 8.
Qe2 h6 9. Ne4 Nxe4 10. Qxe4 Nf6 11. Qe2 b6 12. Bd2 Bb7 13. O-O-O Qc7 14. Ne5
O-O-O 15. f4 c5 16. dxc5 Bxc5 17. Kb1 Kb8 18. Rhf1 Nd5 19. c4 Nb4 20. Be4 Nc6
21. Nxc6+ Bxc6 22. Bc3 f6 23. Qf3 Bxe4+ 24. Qxe4 Rhe8 25. Kc2 a5 26. Rxd8+ Qxd8
27. Rd1 Qc8 28. g4 Re7 29. a4 Qb7 30. Rd8+ Kc7 31. Qxb7+ Kxb7 32. Kd3 Kc6 33.
Ke4 Bd6 34. h4 f5+ 35. gxf5 exf5+ 36. Kxf5 Rf7+ 37. Ke6 Re7+ 38. Kf5 Rf7+
1/2-1/2

[Event "Elit(Rockaden,Umea-Vasteras)"]
[Site "?"]
[Date "2012.10.07"]
[Round "3"]
[White "Sjodahl, Pontus"]
[Black "Malmstig, Erik"]
[Result "1-0"]
[WhiteElo "2490"]
[BlackElo "2359"]
[PlyCount "59"]
[EventDate "2012.??.??"]

1. d4 Nf6 2. c4 c5 3. d5 b5 4. cxb5 a6 5. e3 e6 6. Nc3 Bb7 7. e4 Qb6 8. a4 axb5
9. Bxb5 exd5 10. exd5 Be7 11. Nf3 O-O 12. O-O Na6 13. Ne5 Qc7 14. Nc4 d6 15. b3
Nb4 16. Ne3 Rfb8 17. Bb2 Qd8 18. Bc4 Bf8 19. Nb5 Bc8 20. Bc3 Na6 21. Qf3 Nd7
22. Nf5 Ne5 23. Bxe5 dxe5 24. d6 Qf6 25. Nh6+ Kh8 26. Nxf7+ Kg8 27. Qd5 g6 28.
Nxe5+ Kg7 29. Qg8+ Kh6 30. Nf7+ 1-0

[Event "Elit(Rockaden,Umea-Vasteras)"]
[Site "?"]
[Date "2012.10.07"]
[Round "3"]
[White "Hammar, Ulf"]
[Black "Brustkern, Jurgen"]
[Result "1/2-1/2"]
[WhiteElo "2209"]
[BlackElo "2291"]
[PlyCount "121"]
[EventDate "2012.??.??"]

1. d4 d5 2. c4 e6 3. Nc3 c6 4. e3 f5 5. f4 Nf6 6. Nf3 Bd6 7. Bd3 O-O 8. O-O Ne4
9. c5 Bc7 10. Bd2 Nxd2 11. Qxd2 Nd7 12. b4 Nf6 13. a4 Bd7 14. Ne5 Qe7 15. Rfb1
Kh8 16. Ne2 g5 17. b5 gxf4 18. exf4 Rg8 19. bxc6 Bxc6 20. a5 Ne4 21. Bxe4 dxe4
22. Nxc6 bxc6 23. a6 Rg4 24. Rb7 Rag8 25. g3 Qg7 26. Rab1 Ra8 27. Qc3 Kg8 28.
Qc4 Rg6 29. R1b3 Qd7 30. Kg2 Qd8 31. Qa4 Qd7 32. R3b4 Rg7 33. Qb3 Kh8 34. Qb2
Kg8 35. Qa2 Rg6 36. Kg1 h5 37. Kg2 Qd8 38. Qb3 Qd7 39. Ng1 h4 40. Nh3 hxg3 41.
hxg3 Rf8 42. Rxa7 e3 43. Qxe3 Qd5+ 44. Qf3 Qa2+ 45. Nf2 Qd2 46. Rxc7 Qxb4 47.
Qxc6 Qa3 48. Qf3 Qxa6 49. d5 exd5 50. Qxd5+ Qe6 51. Qxe6+ Rxe6 52. Nd3 Rf7 53.
Rc8+ Rf8 54. Rc7 Rf7 55. Rxf7 Kxf7 56. c6 Re2+ 57. Kf3 Rc2 58. Ne5+ Ke6 59. Ke3
Kd6 60. Kf3 Ke6 61. Ke3 1/2-1/2

[Event "Elit(Rockaden,Umea-Vasteras)"]
[Site "?"]
[Date "2012.10.07"]
[Round "3"]
[White "Nilsson, Andre"]
[Black "Engman, Rickard"]
[Result "1/2-1/2"]
[WhiteElo "2300"]
[BlackElo "2254"]
[PlyCount "32"]
[EventDate "2012.??.??"]

1. g3 Nf6 2. Bg2 e5 3. d3 d5 4. Nf3 Nc6 5. O-O Be7 6. c3 a5 7. Nbd2 O-O 8. e4
dxe4 9. dxe4 b6 10. Qa4 Qe8 11. Re1 Bb7 12. Nc4 Nd4 13. Qxe8 Nxf3+ 14. Bxf3
Rfxe8 15. Bg5 Nd7 16. Bxe7 Rxe7 1/2-1/2

[Event "Elit(Rockaden,Umea-Vasteras)"]
[Site "?"]
[Date "2012.10.07"]
[Round "3"]
[White "Lindgren, Fredrik"]
[Black "Janse, Rasmus"]
[Result "1/2-1/2"]
[WhiteElo "2223"]
[BlackElo "2279"]
[PlyCount "126"]
[EventDate "2012.??.??"]

1. d4 g6 2. c4 Bg7 3. Nc3 d6 4. e4 Nc6 5. Be3 e5 6. d5 Nce7 7. Qd2 f5 8. f3 Nf6
9. O-O-O O-O 10. Kb1 a6 11. Bd3 c5 12. dxc6 bxc6 13. Bc2 fxe4 14. Nxe4 d5 15.
Nxf6+ Bxf6 16. cxd5 Nxd5 17. Ne2 Bf5 18. Nc3 Nxc3+ 19. Qxc3 Qc7 20. Be4 Kh8 21.
Rd2 Rfd8 22. Rc1 Rxd2 23. Qxd2 Rd8 24. Qc2 Bxe4 25. Qxe4 Rd6 26. Bc5 Rd5 27.
Bb4 Qd7 28. Bc3 Qf5 29. Qxf5 gxf5 30. Re1 Kg7 31. Kc2 Kf7 32. Kb3 Ke6 33. Kc4
Be7 34. a4 Rc5+ 35. Kd3 Bf6 36. Kd2 Kd5 37. b4 Rc4 38. h3 c5 39. b5 Rxa4 40. b6
Ra2+ 41. Kc1 Kc6 42. Bb2 Kxb6 43. f4 Ra4 44. fxe5 Bg5+ 45. Kb1 Re4 46. Rf1 Bf4
47. e6 Be3 48. Rxf5 Rxe6 49. g4 Bd4 50. Bxd4 cxd4 51. Rh5 d3 52. Kc1 Re7 53.
Kd2 Rd7 54. Rf5 a5 55. g5 a4 56. h4 a3 57. h5 a2 58. Rf1 Rd5 59. g6 Rxh5 60.
gxh7 Rxh7 61. Kxd3 Kb5 62. Kc3 Ka4 63. Kb2 Rh2+ 1/2-1/2

[Event "Elit(Rockaden,Umea-Vasteras)"]
[Site "?"]
[Date "2012.10.07"]
[Round "3"]
[White "Mardell, Jimmy"]
[Black "Norberg, Erik"]
[Result "1/2-1/2"]
[WhiteElo "2187"]
[BlackElo "2239"]
[PlyCount "46"]
[EventDate "2012.??.??"]

1. e4 g6 2. d4 Bg7 3. Nc3 c6 4. Nf3 d5 5. h3 dxe4 6. Nxe4 Nd7 7. Bc4 Ngf6 8.
Nxf6+ Nxf6 9. O-O O-O 10. Re1 b6 11. Qe2 e6 12. Bf4 Bb7 13. Rad1 Rc8 14. Ne5
Qe7 15. Bg5 Qc7 16. Bb3 Nd7 17. Bf4 Nxe5 18. Bxe5 Bxe5 19. Qxe5 Qxe5 20. Rxe5
Rfd8 21. c3 c5 22. dxc5 Rxd1+ 23. Bxd1 Rxc5 1/2-1/2

[Event "Elit(Eksjo-Manhem)"]
[Site "?"]
[Date "2012.12.01"]
[Round "4"]
[White "Vas, Peter"]
[Black "Bejtovic, Jasmin"]
[Result "0-1"]
[WhiteElo "2410"]
[BlackElo "2457"]
[PlyCount "74"]
[SourceDate "2012.12.01"]

1. e4 c5 2. Nf3 Nc6 3. d4 cxd4 4. Nxd4 e6 5. Nb5 d6 6. c4 Nf6 7. N1c3 a6 8. Na3
b6 9. Be2 Bb7 10. O-O Be7 11. Be3 O-O 12. f3 Ne5 13. Qb3 Ned7 14. Rfd1 Re8 15.
Rd2 Qc7 16. Rad1 d5 17. cxd5 exd5 18. Nxd5 Nxd5 19. exd5 Bd6 20. Kh1 b5 21. Bg1
Nf6 22. Rc2 Qe7 23. Nb1 Nh5 24. Rd4 Qf6 25. Rg4 Nf4 26. Nc3 h5 27. Rg3 Nxe2 28.
Nxe2 Bxg3 29. hxg3 Rad8 30. Rd2 h4 31. g4 h3 32. gxh3 Rxe2 33. Rxe2 Bxd5 34.
Re8+ Rxe8 35. Qxd5 Qxb2 36. Qd7 Qe2 37. Qd5 Qf1 0-1

[Event "Elit(Eksjo-Manhem)"]
[Site "?"]
[Date "2012.12.01"]
[Round "4"]
[White "Hultin, Johan"]
[Black "Malesevic, Nedeljko"]
[Result "1-0"]
[WhiteElo "2351"]
[BlackElo "2358"]
[PlyCount "133"]
[EventDate "2012.??.??"]

1. d4 d5 2. c4 e6 3. Nc3 Nf6 4. cxd5 exd5 5. Bg5 c6 6. e3 Be7 7. Bd3 O-O 8. Nf3
Re8 9. Qc2 h6 10. Bf4 Bd6 11. Bxd6 Qxd6 12. O-O Nbd7 13. Rae1 c5 14. Nb5 Qb6
15. dxc5 Nxc5 16. Rc1 Nxd3 17. Qxd3 Re7 18. Qa3 Qd8 19. Nfd4 a6 20. Rc2 Bg4 21.
Nc3 Rc7 22. h3 Be6 23. Rd1 Rac8 24. Rcd2 Qe8 25. Qd6 Rxc3 26. bxc3 Ne4 27. Qb4
Nxd2 28. Rxd2 Rc7 29. Rb2 Qd7 30. Rb3 Bf5 31. Qa3 Bd3 32. Rb6 Qc8 33. Qb4 Kh7
34. Qb2 g6 35. Qd2 Rxc3 36. Rxb7 Qxb7 37. Qxc3 Qb1+ 38. Kh2 Bc4 39. a3 Qb8+ 40.
Kg1 Qb1+ 41. Kh2 Qe4 42. Qc1 Qe5+ 43. Kg1 Qb8 44. Qa1 Qb6 45. Qe1 a5 46. Qd1
Qb2 47. Qa4 Qc3 48. Kh2 Qb2 49. Kg3 Qb8+ 50. f4 Qb1 51. Qxa5 Qc1 52. Qc7 Qxe3+
53. Nf3 Kg8 54. Qd8+ Kg7 55. Qd6 Kg8 56. a4 Qa7 57. Qd8+ Kg7 58. a5 Qc5 59. Qb6
Qa3 60. Kh2 Kh7 61. Ne5 Qc1 62. Qf6 d4 63. Nxf7 Bxf7 64. Qxf7+ Kh8 65. Qf6+ Kh7
66. Qxd4 Qc7 67. a6 1-0

[Event "Elit(Eksjo-Manhem)"]
[Site "?"]
[Date "2012.12.01"]
[Round "4"]
[White "Ornstein, Axel"]
[Black "Moberg, Karl Johan"]
[Result "1/2-1/2"]
[WhiteElo "2364"]
[BlackElo "2347"]
[PlyCount "82"]

1. c4 e5 2. g3 Nf6 3. Bg2 c6 4. d4 Bb4+ 5. Bd2 Bxd2+ 6. Qxd2 d6 7. Nc3 O-O 8.
Nf3 e4 9. Ng5 d5 10. cxd5 cxd5 11. f4 Nc6 12. e3 b6 13. Bf1 Bg4 14. Nh3 Bf3 15.
Bg2 Bxg2 16. Qxg2 Ng4 17. Qe2 f5 18. Nf2 Nxf2 19. Kxf2 Nb4 20. Kg2 Nd3 21. Nd1
Rf6 22. Nf2 Nxf2 23. Kxf2 Rc6 24. Rhc1 Rac8 25. Qd2 Qc7 26. Rxc6 Qxc6 27. Ke1
h6 28. a4 a5 29. Ra3 Qc1+ 30. Qxc1 Rxc1+ 31. Kd2 Rh1 32. Rb3 Rxh2+ 33. Ke1 Rh1+
34. Kf2 Ra1 35. Rxb6 Rxa4 36. Rb5 Rb4 37. Rxa5 Rxb2+ 38. Kf1 Rb1+ 39. Kf2 Rb2+
40. Kf1 Rb1+ 41. Kf2 Rb2+ 1/2-1/2

[Event "Elit(Eksjo-Manhem)"]
[Site "?"]
[Date "2012.12.01"]
[Round "4"]
[White "Welin, Mats"]
[Black "Al-Saadi, Ali Ghazi"]
[Result "1/2-1/2"]
[WhiteElo "2351"]
[BlackElo "2053"]
[PlyCount "117"]
[EventDate "2012.??.??"]

1. e4 e5 2. Nf3 Nc6 3. Bb5 a6 4. Ba4 Nf6 5. O-O b5 6. Bb3 Be7 7. Re1 O-O 8. a4
Bb7 9. d3 d6 10. Nbd2 Na5 11. Ba2 c5 12. Nf1 h6 13. Nh4 b4 14. Nf5 Bc8 15. N1g3
Be6 16. Bd2 Kh7 17. Qf3 Nc6 18. Bd5 Rc8 19. c3 a5 20. Rec1 Na7 21. Nh5 Nxd5 22.
Nhxg7 Nf4 23. Bxf4 exf4 24. Qh5 Bg5 25. h4 d5 26. hxg5 Qxg5 27. Qf3 Rg8 28. Nh5
Bxf5 29. exf5 Qxf5 30. Nxf4 Rg4 31. g3 Rcg8 32. Kf1 Nc6 33. Re1 Rd8 34. Kg2
Rdg8 35. Nxd5 Qxf3+ 36. Kxf3 R4g6 37. Re4 f6 38. Ne7 Nxe7 39. Rxe7+ R6g7 40.
Rxg7+ Kxg7 41. Rh1 Rd8 42. Ke3 f5 43. Rh4 Kg6 44. Rc4 Re8+ 45. Kd2 Re5 46. cxb4
cxb4 47. Rc6+ Kh5 48. f3 Rd5 49. Rb6 f4 50. gxf4 Kh4 51. Rxh6+ Kg3 52. Ke3 Rc5
53. Rg6+ Kh4 54. Rg5 Rc2 55. Rxa5 Rxb2 56. Rb5 b3 57. Rb4 Ra2 58. Rxb3 Rxa4 59.
Rb8 1/2-1/2

[Event "Elit(Eksjo-Manhem)"]
[Site "?"]
[Date "2012.12.01"]
[Round "4"]
[White "Fendrich, David"]
[Black "Akvist, Hakan"]
[Result "1-0"]
[WhiteElo "2255"]
[BlackElo "2036"]
[PlyCount "62"]

1. g3 d5 2. c4 c6 3. Bg2 Nf6 4. Nf3 g6 5. b3 Bg7 6. Bb2 Qb6 7. Qc2 Bf5 8. d3
O-O 9. O-O Na6 10. Nbd2 Rfd8 11. Rac1 Nb4 12. Qb1 a5 13. a3 Na6 14. Be5 Bh6 15.
Bd4 c5 16. Bxf6 exf6 17. cxd5 Bg4 18. Nc4 Qc7 19. d6 Rxd6 20. Nxd6 Qxd6 21.
Rcd1 Re8 22. Rfe1 Nc7 23. d4 Nb5 24. dxc5 Qxc5 25. b4 axb4 26. Qxb4 Qxb4 27.
axb4 Nc3 28. Rd4 f5 29. e3 Bf8 30. h3 Bh5 31. g4 Nb5 1-0

[Event "Elit(Eksjo-Manhem)"]
[Site "?"]
[Date "2012.12.01"]
[Round "4"]
[White "Nordstrom, Per-Olov"]
[Black "Carlhammar, Magnus"]
[Result "0-1"]
[WhiteElo "1993"]
[BlackElo "2318"]
[PlyCount "92"]
[EventDate "2012.??.??"]

1. Nf3 d6 2. e4 Nf6 3. d3 g6 4. g3 Bg7 5. Bg2 O-O 6. O-O c5 7. Nbd2 Nc6 8. Re1
e5 9. c3 h6 10. a3 Be6 11. b4 a6 12. Bb2 cxb4 13. axb4 d5 14. exd5 Nxd5 15. Nb3
Qc8 16. Nc5 Rd8 17. Qe2 Bf5 18. Nd2 b6 19. Nce4 Qc7 20. Nc4 b5 21. Na5 Nxa5 22.
Rxa5 Bxe4 23. Bxe4 Ra7 24. Bxd5 Rxd5 25. c4 Rd7 26. cxb5 axb5 27. Bxe5 Bxe5 28.
Qxe5 Qxe5 29. Rxe5 Rxa5 30. bxa5 Rxd3 31. Rxb5 Ra3 32. h4 h5 33. Kf1 Ra2 34.
Kg2 Ra3 35. f3 Kg7 36. g4 hxg4 37. fxg4 Ra4 38. Kg3 Ra3+ 39. Kf4 Ra4+ 40. Kf3
Ra3+ 41. Kf2 Ra4 42. Kf3 Kh6 43. h5 f5 44. gxf5 gxh5 45. f6 Kg6 46. Rf5 Kxf5
0-1

[Event "Elit(Orgryte-Vasteras)"]
[Site "?"]
[Date "2012.12.01"]
[Round "4"]
[White "Norberg, Johan"]
[Black "Frisk Kockum, Anton"]
[Result "0-1"]
[WhiteElo "2345"]
[BlackElo "2415"]
[PlyCount "74"]
[SourceDate "2012.12.08"]

1. e4 c5 2. Nf3 Nc6 3. d3 g6 4. g3 Bg7 5. Bg2 d6 6. O-O e5 7. Be3 Nge7 8. Qd2
O-O 9. c3 b5 10. Na3 Rb8 11. Nc2 b4 12. d4 bxc3 13. bxc3 exd4 14. cxd4 Na5 15.
Bh6 Nc4 16. Qf4 Rb2 17. Rfc1 Nc6 18. Bxg7 Kxg7 19. dxc5 dxc5 20. Ne3 Nxe3 21.
Qxe3 Nd4 22. Rxc5 Ne2+ 23. Kh1 Rxa2 24. Re1 Qb6 25. Bf1 Ba6 26. Ne5 Re8 27. Nc4
Rxe4 28. Qxe4 Bb7 29. Nxb6 Bxe4+ 30. Bg2 axb6 31. Rc7 Bxg2+ 32. Kxg2 Kg8 33.
Rb7 h5 34. Kf1 Nd4 35. Ree7 h4 36. Kg2 h3+ 37. Kxh3 Rxf2 0-1

[Event "Elit(Orgryte-Vasteras)"]
[Site "?"]
[Date "2012.12.01"]
[Round "4"]
[White "Eriksson, Anders"]
[Black "Gajic, Mladen"]
[Result "1/2-1/2"]
[WhiteElo "2331"]
[BlackElo "2315"]
[PlyCount "104"]
[EventDate "2012.??.??"]

1. Nf3 Nf6 2. c4 c6 3. g3 d5 4. Qb3 e6 5. Bg2 Nbd7 6. d4 Bd6 7. O-O O-O 8. Nbd2
c5 9. cxd5 exd5 10. dxc5 Nxc5 11. Qd1 Re8 12. Nd4 a5 13. a4 Bd7 14. N2f3 Qb6
15. b3 Rac8 16. Be3 h6 17. Rc1 Ng4 18. Bf4 Bxf4 19. gxf4 Ne4 20. e3 Rxc1 21.
Qxc1 Rc8 22. Qa1 Qc5 23. h3 Ngf6 24. Ne5 Be8 25. Rd1 Nd6 26. Nd3 Qb6 27. Rc1
Rc7 28. Ne5 Nfe4 29. Rxc7 Qxc7 30. Qd1 Qc3 31. Ne2 Qc5 32. Qd4 Qc2 33. Qd3 Qxd3
34. Nxd3 b5 35. Nb2 bxa4 36. bxa4 Kf8 37. Nd4 Ke7 38. Nb3 Nb7 39. Bxe4 dxe4 40.
Nc4 Bxa4 41. Ncxa5 Nxa5 42. Nxa5 Ke6 43. Kg2 Bd1 44. Kg3 g6 45. Nc4 f6 46. Nd2
Kd5 47. Kg2 h5 48. Kg3 Bc2 49. f3 exf3 50. Kxf3 Bd1+ 51. Kg3 Be2 52. Kf2 Bd1
1/2-1/2

[Event "Elit(Orgryte-Vasteras)"]
[Site "?"]
[Date "2012.12.01"]
[Round "4"]
[White "Janse, Rasmus"]
[Black "Arnelind, Mikael"]
[Result "1/2-1/2"]
[WhiteElo "2279"]
[BlackElo "2243"]
[PlyCount "104"]

1. d4 Nf6 2. c4 e6 3. Nc3 Bb4 4. e3 O-O 5. Bd3 d5 6. a3 Bxc3+ 7. bxc3 dxc4 8.
Bxc4 c5 9. Ne2 Qc7 10. Ba2 Rd8 11. f3 Nc6 12. O-O e5 13. d5 Qe7 14. e4 h6 15.
g4 Nh7 16. Qe1 Na5 17. h4 c4 18. Qg3 g5 19. hxg5 hxg5 20. Kg2 Nf8 21. Rh1 Ng6
22. Rh5 f6 23. Rh1 Bd7 24. Qf2 Nh4+ 25. Kg1 Nb3 26. Bxb3 cxb3 27. a4 Rac8 28.
Ba3 Qh7 29. a5 Bb5 30. Bb4 Bd3 31. Ng3 b2 32. Qxb2 Nxf3+ 33. Kf2 Nh4 34. Ke3
Ba6 35. Qf2 Rxd5 36. Qxf6 Rd3+ 37. Kf2 Qf7 38. Qxf7+ Kxf7 39. Nf5 Rd2+ 40. Kg3
Rd3+ 41. Kf2 Rd2+ 42. Kg3 Rcd8 43. Nxh4 gxh4+ 44. Kxh4 Kg6 45. Kg3 Bc4 46. Rae1
R8d3+ 47. Kh4 Rd7 48. Kg3 R7d3+ 49. Kh4 Rd7 50. Kg3 R7d3+ 51. Kh4 Rd7 52. Kg3
R7d3+ 1/2-1/2